| 000 | 00672nam a2200181Ia 4500 | ||
|---|---|---|---|
| 003 | GCL | ||
| 008 | 140319s9999 xx 000 0 ara d | ||
| 040 |
_aGCL / _cGCL |
||
| 082 | 0 | 4 |
_a621.38132 _bف م |
| 100 | 1 | _aفاروق محمد العامرى | |
| 245 | 1 | 0 |
_aميكروبرسيسور فى الالكترونيات العالمية الحديثة / _cفاروق محمد العامرى |
| 300 | _a156 ص | ||
| 490 |
_aموسوعة العامرى للالكترونيات _v0 |
||
| 650 | 0 | 4 | _aالهندسة الالكترونية |
| 650 | 0 | 4 | _aالاجهزة الالكترونية |
| 650 | 0 | 4 | _aهندسة الحاسبات الالكترونية |
| 942 |
_2ddc _cBK |
||
| 999 |
_c48026 _d48026 |
||